书目信息 |
| 题名: |
工程建设规范汇编
|
|
| 作者: | ;中国建筑工业出版社 编 | |
| 分册: | 7 工程施工及验收规范 | |
| 出版信息: | 北京 中国建筑工业出版社 1985 |
|
| 页数: | 596页 | |
| 开本: | 19cm | |
| 丛书名: | ||
| 单 册: | ||
| 中图分类: | T-652.6 | |
| 科图分类: | ||
| 主题词: | 建筑工程--中国--规程 | |
| 电子资源: | ||
| ISBN: | 15040.4776 | |
| 000 | 00707nam0 2200229 450 | |
| 001 | 0185017215 | |
| 005 | 20100712221338.0 | |
| 010 | @a15040.4776@dCNY4.60 | |
| 091 | @a15040.4776 | |
| 100 | @a19951115d1985 em y0chiy0110 ea | |
| 101 | 0 | @achi |
| 102 | @aCN@b110000 | |
| 105 | @ay z 000yy | |
| 106 | @ar | |
| 200 | 1 | @a工程建设规范汇编@9Gong Cheng Jian She Gui Fan Hui Bian @i工程施工及验收规范@f中国建筑工业出版社编@h7 |
| 210 | @a北京@c中国建筑工业出版社@d1985 | |
| 215 | @a596页@d19cm | |
| 606 | 0 | @a建筑工程@y中国@x规程 |
| 690 | @aT-652.6@v3 | |
| 711 | 02 | @a中国建筑工业出版社@9zhong guo jian zhu gong ye chu ban she@4编 |
| 801 | 0 | @aCN@b91MARC@c20130904 |
| 905 | @aBZT@dTU-65@e8:7@f1@sTU-65/8:7 | |
| 工程建设规范汇编.工程施工及验收规范/中国建筑工业出版社编.7.-北京:中国建筑工业出版社,1985 |
| 596页;19cm |
| ISBN 15040.4776:CNY4.60 |
| ● |
| 相关链接 |
|
|
|
正题名:工程建设规范汇编
索取号:TU-65/8:7
 
预约/预借
| 序号 | 登录号 | 条形码 | 馆藏地/架位号 | 状态 | 备注 |
| 1 | 2000148198 | 2000148198 | 旧书回溯/ [索取号:TU-65/8:7] | 在馆 |